Music Quiz

Random Music or Song Quiz

Guess the song by lyrics1 Quiz Stats

 Plays Quiz not verified by Sporcle

Score 0/164 Timer 10:00
0 Plays Today
lyrics % Correct
i
98.6%
the
98.6%
i
98.6%
and
98.6%
and
98.6%
i
98.6%
the
98.6%
the
98.6%
i
98.6%
i
98.6%
i
98.6%
i
98.6%
and
98.6%
the
98.6%
and
98.6%
i
98.6%
i
98.6%
i
98.6%
i
98.6%
the
98.6%
and
98.6%
the
98.6%
i
98.6%
i
98.6%
i
98.6%
i
98.6%
and
98.6%
the
98.6%
and
98.6%
i
98.6%
you
90.8%
you
90.8%
you
90.8%
you
90.8%
you
90.8%
you
90.8%
you
90.8%
you
90.8%
you
90.8%
you
90.8%
you
90.8%
you
90.8%
be
78.9%
to
76.1%
to
76.1%
to
76.1%
me
72.5%
me
72.5%
me
72.5%
me
72.5%
it
67.6%
it
67.6%
can
65.5%
do
64.8%
in
61.3%
lyrics % Correct
in
61.3%
in
61.3%
in
61.3%
know
54.9%
know
54.9%
your
50%
your
50%
your
50%
your
50%
your
50%
your
50%
what
49.3%
what
49.3%
that
48.6%
of
48.6%
my
48.6%
of
48.6%
that
48.6%
that
48.6%
my
48.6%
where
47.9%
like
47.9%
like
47.9%
see
47.2%
want
47.2%
for
46.5%
think
44.4%
think
44.4%
if
44.4%
think
44.4%
were
40.1%
all
39.4%
should
38.7%
should
38.7%
this
35.2%
one
35.2%
this
35.2%
than
28.2%
way
28.2%
than
28.2%
time
28.2%
way
28.2%
than
28.2%
don't
27.5%
better
26.1%
better
26.1%
at
25.4%
much
24.6%
but
24.6%
much
24.6%
but
24.6%
much
24.6%
won't
23.2%
won't
23.2%
believe
14.8%
lyrics % Correct
miss
14.1%
miss
14.1%
miss
14.1%
miss
14.1%
after
13.4%
face
13.4%
face
13.4%
really
12.7%
really
12.7%
told
12%
hair
12%
told
12%
hair
12%
made
11.3%
feels
11.3%
feels
11.3%
those
9.9%
bed
9.2%
old
9.2%
through
8.5%
deserve
7.7%
there's
7.7%
deserve
7.7%
lies
7%
took
6.3%
start
5.6%
myself
5.6%
found
5.6%
lose
5.6%
myself
5.6%
looking
4.9%
looking
4.9%
while
4.2%
innocence
3.5%
tastes
3.5%
innocence
3.5%
tastes
3.5%
edge
2.8%
used
2.8%
beside
2.8%
pictures
2.8%
beside
2.8%
guilt
2.1%
kicks
2.1%
nightgown
2.1%
box
2.1%
notes
2.1%
memory
2.1%
mall
2.1%
room
2.1%
remembered
1.4%
beter
1.4%
remembered
1.4%
dressing
0.7%

You're not logged in!

Compare scores with friends on all Sporcle quizzes.
OR
Log In

Show Comments

Extras

Created Oct 18, 2010ReportNominate
Tags:Song Quiz

Top Quizzes Today


Score Distribution

Your Account Isn't Verified!

In order to create a playlist on Sporcle, you need to verify the email address you used during registration. Go to your Sporcle Settings to finish the process.

Report this User

Report this user for behavior that violates our Community Guidelines.

Details: